2018 World Matchplay Field - Statistics

General Stats
  • This quiz has been taken 8 times
  • The average score is 21 of 32
Answer Stats
Seed Country Player % Correct
1 Netherlands Michael van Gerwen
100%
2 Scotland Peter Wright
100%
5 Northern Ireland Daryl Gurney
86%
4 Scotland Gary Anderson
86%
10 England James Wade
86%
15 Belgium Kim Huybrechts
86%
PT9 Australia Kyle Anderson
86%
6 Austria Mensur Suljovic
86%
9 England Michael Smith
86%
13 Netherlands Raymond van Barneveld
86%
3 England Rob Cross
86%
7 Australia Simon Whitlock
86%
16 England Adrian Lewis
71%
8 England Dave Chisnall
71%
11 England Ian White
71%
14 England Darren Webster
57%
12 Wales Gerwyn Price
57%
PT15 Netherlands Jeffrey de Zwaan
57%
PT13 Netherlands Jelle Klaasen
57%
PT1 Wales Jonny Clayton
57%
PT12 England Keegan Brown
57%
PT4 Germany Max Hopp
57%
PT5 England Mervyn King
57%
PT3 England Stephen Bunting
57%
PT14 Ireland Steve Lennon
57%
PT6 Netherlands Jermaine Wattimena
43%
PT11 Scotland John Henderson
43%
PT10 England James Wilson
29%
PT2 England Joe Cullen
29%
PT16 England Richard North
29%
PT8 England Steve Beaton
29%
PT7 England Steve West
29%
No matching quizzes found
Score Distribution
Percent of People with Each Score
Percentile by Number Answered
Your Score History
You have not taken this quiz